Algebra

Αποθηκεύτηκε σε:
Λεπτομέρειες βιβλιογραφικής εγγραφής
Κύριος συγγραφέας: Sigler, L. E.
Μορφή: Βιβλίο
Γλώσσα:English
Δημοσίευση: New York : Springer-Verlag, c1976.
Σειρά:Undergraduate texts in mathematics
Θέματα:
Ετικέτες: Προσθήκη ετικέτας
Δεν υπάρχουν, Καταχωρήστε ετικέτα πρώτοι!

MARC

LEADER 00000cam a2200000 i 4500
001 1/30218
008 941103s1976 eng d
020 |a 0387901957 
035 |l 10038514 
040 |a GR-MY-UA  |b gre  |e aacr 
041 0 |a eng 
082 0 |a 512.02  
100 1 |a Sigler, L. E. 
245 1 0 |a Algebra /   |c L. E. Sigler 
260 |a New York :   |b Springer-Verlag,   |c c1976.  
300 |a xi, 419 p.;  |b ill.;  |c 25 cm 
490 1 |a Undergraduate texts in mathematics 
500 |a Includes indexes 
504 |a Bibliography: p. 409-410 
650 0 0 |a Algebra. 
830 0 |a Undergraduate texts in mathematics 
852 |a INST  |b SAMOS  |e 19941103  |h 512.02 SIG  |p 005300006816  |q 005300006816  |t BK  |y 0 
852 |a INST  |b SAMOS  |e 20151002  |h 512.02 SIG  |p 005300042913  |q 005300042913  |t BK  |y 0 
909 |a Σ  |b 029438 
920 |a Μάγειρας  |b Παναγιώτης  |y Σάμος  |z 2008-09 
970 |a Σιτζίμη  |b Γιασεμή  |z 02/10/2015